Locos egregios
Guardat en:
| Autor principal: | |
|---|---|
| Format: | Llibre |
| Idioma: | espanyol |
| Publicat: |
Buenos Aires
Planeta
1989
|
| Col·lecció: | Memoria de la historia
|
| Matèries: | |
| Etiquetes: |
Afegir etiqueta
Sense etiquetes, Sigues el primer a etiquetar aquest registre!
|
MARC
| LEADER | 00000nam a2200000 a 4500 | ||
|---|---|---|---|
| 001 | UCV8220 | ||
| 003 | CL-VaPUC | ||
| 008 | 901105e19890000AG |||||||||||||||||spa|d | ||
| 082 | 0 | 4 | |a 616.89 |b VAL |2 21 |
| 100 | 0 | |a Vallejo-Nágera, Juan Antonio |e author |9 302289 | |
| 245 | 1 | 0 | |a Locos egregios |
| 300 | |a 295 p | ||
| 942 | |c BK | ||
| 945 | |d 19901105 00:00:00 | ||
| 260 | |a Buenos Aires |b Planeta |c 1989 | ||
| 650 | 7 | |a PSICOLOGIA PATOLOGICA |2 CL-VaPUC |9 266262 | |
| 583 | |a last modification |c 19901105 00:00:00 |k Rodrigo Vera | ||
| 490 | 0 | |a Memoria de la historia | |
| 999 | |c 213767 |d 213765 | ||
| 952 | |0 0 |1 0 |4 0 |6 616_890000000000000_VAL_1989 |7 0 |8 P |9 196471 |a BIBARQ |b BIBARQ |d 2019-11-14 |i 264360K |o 616.89 VAL 1989 |p 264360K |r 2025-01-20 |w 2019-11-14 |y BK |k ARQ | ||